000 00470nam a22001817a 4500
003 MPLRDC
005 20220104192217.0
008 210129b ||||| |||| 00| 0 eng d
020 _a978-7-5133-0064-3
082 _a861.57 DYGW-9
100 _a东野圭吾
245 _a布谷鸟的蛋是谁的
_c马杰 译
250 _a一般一刷
260 _a中国
_b新星出版社
_c2011
300 _b
650 _a日本文学--小说
942 _cBK
_o861.57 DYGW-9
999 _c64614
_d64604